MEOVV Members(Kpop) - Statistics

General Stats
  • This quiz has been taken 70 times
  • The average score is 5 of 5
Answer Stats
Answer % Correct
Anna
95%
Ella
95%
Sooin
93%
Narin
88%
Gawon
85%
No matching quizzes found
Score Distribution
Percent of People with Each Score
Percentile by Number Answered
Your Score History
You have not taken this quiz